Score 0/20 Timer 06:00
50 Plays Today
% Correct
E.T. the Extra-Terrestrial
93.3%
Singin' in the Rain
91.3%
Titanic
89.3%
Kung Fu Panda
87.2%
American Pie
85.7%
Snakes on a Plane
83%
Ghostbusters
80.8%
Life of Pi
79%
The Devil Wears Prada
77.6%
Babe
76.4%
% Correct
Cars
72.4%
You've Got Mail
69.4%
Brokeback Mountain
66.2%
Slumdog Millionaire
63%
The Nightmare Before Christmas
61.2%
The Curious Case of Benjamin Button
58.4%
Dumbo
50.9%
The Breakfast Club
48.9%
Forrest Gump
39.9%
The Lord of the Rings: The Two Towers
12.1%
Remove Ads.
Support Sporcle.
Get the best of Sporcle when you Go Orange. This ad-free experience offers more features, more stats, and more fun while also helping to support Sporcle. Thank you for becoming a member.

You're not logged in!

Compare scores with friends on all Sporcle quizzes.
OR
Log In

Show Comments

Extras

Top Quizzes Today


Score Distribution

Your Account Isn't Verified!

In order to create a playlist on Sporcle, you need to verify the email address you used during registration. Go to your Sporcle Settings to finish the process.

Report this User

Report this user for behavior that violates our Community Guidelines.

Details: